Jazdecká hala s klubovňou

Na minha lista:
Detalhes bibliográficos
Autor principal: Hlavatý, Miroslav (Author)
Outros Autores: Bosák, Lukáš (Thesis advisor)
Formato: Manuscrito Livro
Idioma:eslovaco
Publicado em: 2024
Assuntos:
Acesso em linha:http://is.stuba.sk/zp/portal_zp.pl?podrobnosti=170230
Tags: Adicionar Tag
Sem tags, seja o primeiro a adicionar uma tag!

MARC

LEADER 00000ntm a22000003a 4500
001 stuzp94626
003 SK-STU
005 20240608210422.6
007 ta
008 150427s2015----xo-----f-mn---000-0-slo-d
040 |a STU  |b slo 
041 0 |a slo 
100 1 |a Hlavatý, Miroslav  |u 010180  |4 aut  |U SvF Stavebná fakulta  |T SvF Katedra konštrukcií pozemných stavieb  |X 93110  |U V180  |Y 18  |7 93110 
242 0 1 |a Equestrian Centre  |y eng 
245 1 0 |a Jazdecká hala s klubovňou 
260 |c 2024 
650 4 |a jazdecká hala  |2 slo 
650 4 |a realizačný projekt  |2 slo 
650 4 |a drevostavba  |2 slo 
650 4 |a stajne  |2 slo 
650 4 |a realisation project   |2 eng 
650 4 |a wood construction  |2 eng 
650 4 |a equestrian hall  |2 eng 
650 4 |a stables  |2 eng 
700 1 |a Bosák, Lukáš  |u 010180  |k Z1  |4 ths  |U SvF Stavebná fakulta  |T SvF Katedra konštrukcií pozemných stavieb  |X 57762  |U V180  |Y 18  |7 A000057762 
856 4 |u http://is.stuba.sk/zp/portal_zp.pl?podrobnosti=170230